000 00588cam a2200145 4500500
005 20260329012912.0
041 _afre
042 _adc
100 1 0 _aMalcor, Marc
_eauthor
245 0 0 _aMikhaïl Ossorguine Dans une bourgade paisible de France Traduit du russe par Claire Delaunay. Présenté et annoté par Leonid Livak. Verdier, « Poustiaki », 2025, 288 pages, 22 €.
260 _c2025.
500 _a37
786 0 _nÉtudes | Jui | 6 | 2025-05-21 | p. 121-121 | 0014-1941
856 4 1 _uhttps://shs.cairn.info/revue-etudes-2025-6-page-121?lang=fr&redirect-ssocas=7080
999 _c1875367
_d1875367